| 000 -LEADER |
| fixed length control field |
00850cam a2200265 a 4500 |
| 001 - CONTROL NUMBER |
| control field |
15960583 |
| 005 - DATE AND TIME OF LATEST TRANSACTION |
| control field |
20180110092037.0 |
| 008 - FIXED-LENGTH DATA ELEMENTS--GENERAL INFORMATION |
| fixed length control field |
091026s2001 caua j 001 0 eng d |
| 010 ## - LIBRARY OF CONGRESS CONTROL NUMBER |
| LC control number |
2009281788 |
| 020 ## - INTERNATIONAL STANDARD BOOK NUMBER |
| International Standard Book Number |
9780736212236 |
| 020 ## - INTERNATIONAL STANDARD BOOK NUMBER |
| International Standard Book Number |
073621223X |
| 035 ## - SYSTEM CONTROL NUMBER |
| System control number |
(OCoLC)ocm47946500 |
| 040 ## - CATALOGING SOURCE |
| Original cataloging agency |
BRL |
| Transcribing agency |
BRL |
| Modifying agency |
OCLCQ |
| -- |
XY4 |
| -- |
DLC |
| 041 ## - LANGUAGE CODE |
| Language code of text/sound track or separate title |
eng |
| 042 ## - AUTHENTICATION CODE |
| Authentication code |
lccopycat |
| 080 ## - UNIVERSAL DECIMAL CLASSIFICATION NUMBER |
| Universal Decimal Classification number |
82 ALF |
| 082 ## - DEWEY DECIMAL CLASSIFICATION NUMBER |
| Edition number |
82 ALF |
| 100 1# - Rafti |
| Rafti |
22 |
| 101 ## - Shkurtesa |
| Shkurtesa |
GJU |
| 245 10 - TITLE STATEMENT |
| Title |
High point. |
| Name of part/section of a work |
[the basics] : |
| Statement of responsibility, etc |
Alfredo Schifini, Deborah Short, Josefina Villamil Tinajero. |
| 246 1# - VARYING FORM OF TITLE |
| Display text |
At head of title: |
| Title proper/short title |
Hampton-Brown high point |
| 906 ## - LOCAL DATA ELEMENT F, LDF (RLIN) |
| a |
7 |
| b |
cbc |
| c |
copycat |
| d |
2 |
| e |
ncip |
| f |
20 |
| g |
y-gencatlg |
| 942 ## - ADDED ENTRY ELEMENTS (KOHA) |
| Source of classification or shelving scheme |
|
| Item type |
Books |